000 00314nam a22001337a 4500
008 181107b xxu||||| |||| 00| 0 eng d
020 _a0618232788
041 _aeng
080 _210th
_a371
100 _a46
101 _aEDU
245 _aCourse Manual for becoming a master student
_cEllis, D
942 _2udc
_cBK
999 _c52180
_d52180